[Event "GRE-ch U18"]
[Site "Kavala"]
[Date "2015.01.02"]
[Round "1"]
[White "Papadopoulos, Argirios"]
[Black "Bozanis, Dimitrios"]
[Result "1/2-1/2"]
[WhiteElo "2113"]
[BlackElo "1544"]
[PlyCount "93"]
[EventDate "2015.01.02"]
[EventType "swiss"]
[EventRounds "9"]
[EventCountry "GRE"]
[SourceTitle "EXT 2024"]
[Source "ChessBase"]
[SourceDate "2023.10.10"]
[SourceVersion "1"]
[SourceVersionDate "2023.10.10"]
[SourceQuality "1"]

1. e4 c6 2. d4 d5 3. Nc3 dxe4 4. Nxe4 Bf5 5. Ng3 Bg6 6. h4 h6 7. Nf3 Nd7 8. h5 Bh7 9. Bd3 Bxd3 10. Qxd3 Ngf6 11. Bd2 e6 12. 0-0-0 Bd6 13. Kb1 Qc7 14. Ne4 Nxe4 15. Qxe4 Nf6 16. Qe2 0-0-0 17. c3 Rhe8 18. Be3 Kb8 19. Ne5 Bxe5 20. dxe5 Nd5 21. Bc5 Ka8 22. c4 Ne7 23. g4 Nc8 24. f4 b6 25. Bf2 Rxd1+ 26. Rxd1 Rd8 27. Bh4 Rd7 28. Kc2 Rxd1 29. Qxd1 c5 30. Qh1+ Kb8 31. Qe4 a6 32. f5 Ne7 33. f6 gxf6 34. Bxf6 Nc6 35. g5 Qd7 36. a3 Nd4+ 37. Kb1 Nf5 38. gxh6 Nxh6 39. Kc1 Nf5 40. Bg5 Ng3 41. Qf3 Nf5 42. h6 Qd4 43. h7 Qg1+ 44. Qd1 Qxg5+ 45. Kb1 Qh4 46. Qd7 Qxh7 47. Qd8+ 1/2-1/2

[Event "GRE-ch U16"]
[Site "Greece"]
[Date "2014.07.09"]
[Round "8"]
[White "Bozanis, Dimitrios"]
[Black "Karakatsanis, Nikolaos"]
[Result "0-1"]
[WhiteElo "1609"]
[BlackElo "1699"]
[PlyCount "150"]
[EventDate "2014.07.04"]
[EventType "swiss"]
[EventRounds "9"]
[EventCountry "GRE"]
[SourceTitle "EXT 2017"]
[Source "ChessBase"]
[SourceDate "2016.10.25"]
[SourceVersion "1"]
[SourceVersionDate "2016.10.25"]
[SourceQuality "1"]

1. e4 e5 2. Nf3 Nf6 3. d4 exd4 4. e5 Ne4 5. Qxd4 d5 6. exd6 Nxd6 7. Bf4 Nc6 8. Qd2 Be6 9. Nc3 Qd7 10. 0-0-0 0-0-0 11. Ng5 Be7 12. Nxe6 Qxe6 13. Bd3 Bf6 14. Qe2 Bxc3 15. Qxe6+ fxe6 16. bxc3 e5 17. Bg5 Rde8 18. f3 e4 19. fxe4 Nxe4 20. Bxe4 Rxe4 21. Bd2 Rhe8 22. Rde1 Kd7 23. Rhf1 Rxe1+ 24. Rxe1 Rxe1+ 25. Bxe1 Ne5 26. Kd2 Nc4+ 27. Kd3 b5 28. Bf2 a5 29. Kd4 Na3 30. Kd3 Ke6 31. Bg3 c6 32. Bf2 Kd5 33. Bd4 g6 34. Bb6 Nc4 35. Bc7 a4 36. Bg3 Nb2+ 37. Ke3 Nc4+ 38. Kd3 Nb6 39. Bf2 Nd7 40. Bd4 h5 41. h3 Nf8 42. h4 c5 43. Bf2 Nd7 44. Bg3 Nf6 45. Be1 Ng4 46. Bg3 c4+ 47. Ke2 Ke4 48. Bf2 Nf6 49. g3 Nd5 50. Bd4 a3 51. Bg7 Ne3 52. Bh6 Nxc2 53. Kd2 Na1 54. Kc1 Kd3 55. Bf8 Nc2 56. Bg7 Ne3 57. Be5 Nd5 58. Bd6 Nxc3 59. Bxa3 Nxa2+ 60. Kb2 Nc3 61. Bf8 Ne4 62. Ka3 c3 63. Bh6 Nxg3 64. Kb4 Nf5 65. Bg5 c2 66. Kxb5 Ne3 67. Bxe3 Kxe3 68. Kc5 c1Q+ 69. Kd5 Kf4 70. Ke6 Qc6+ 71. Kf7 Kf5 72. Kg7 Qd7+ 73. Kh6 g5 74. hxg5 Qf7 75. g6 Qxg6# 0-1

[Event "GRE-ch U16"]
[Site "Greece"]
[Date "2014.07.07"]
[Round "6"]
[White "Bozanis, Dimitrios"]
[Black "Laspas, Panagiotis"]
[Result "1/2-1/2"]
[WhiteElo "1609"]
[BlackElo "1821"]
[PlyCount "50"]
[EventDate "2014.07.04"]
[EventType "swiss"]
[EventRounds "9"]
[EventCountry "GRE"]
[SourceTitle "EXT 2017"]
[Source "ChessBase"]
[SourceDate "2016.10.25"]
[SourceVersion "1"]
[SourceVersionDate "2016.10.25"]
[SourceQuality "1"]

1. d4 Nf6 2. Nf3 e6 3. Bf4 c5 4. c3 b6 5. e3 Bb7 6. Bd3 Be7 7. Nbd2 cxd4 8. cxd4 0-0 9. h3 d6 10. 0-0 a6 11. Rc1 Re8 12. Qc2 Nd5 13. Bxh7+ Kh8 14. Bd3 Nb4 15. Qb3 Nxd3 16. Qxd3 a5 17. Ne4 f6 18. Rfd1 Rg8 19. Ned2 g5 20. Bg3 f5 21. Qc4 Bd5 22. Qc7 Bxa2 23. Qxd8 Rxd8 24. Rc7 Re8 25. Rxe7 Rxe7 1/2-1/2

[Event "GRE-ch U12"]
[Site "Kallithea"]
[Date "2010.06.27"]
[Round "3"]
[White "Bozanis, Dimitrios"]
[Black "Zisiadis, Dimitrios"]
[Result "1/2-1/2"]
[WhiteElo "1591"]
[BlackElo "1743"]
[PlyCount "73"]
[EventDate "2010.06.26"]
[EventType "swiss"]
[EventRounds "9"]
[EventCountry "GRE"]
[SourceTitle "EXT 2012"]
[Source "ChessBase"]
[SourceDate "2011.11.24"]
[SourceVersion "1"]
[SourceVersionDate "2011.11.24"]
[SourceQuality "1"]

1. e4 c5 2. b3 d6 3. Bb2 Nf6 4. Bb5+ Bd7 5. Bxd7+ Qxd7 6. d3 Nc6 7. Ne2 e6 8. Nd2 Be7 9. 0-0 a6 10. f4 0-0-0 11. Nc4 Qc7 12. e5 Nd5 13. Qd2 Rhg8 14. Nxd6+ Bxd6 15. exd6 Qxd6 16. Nc3 Nxc3 17. Bxc3 b5 18. Qe2 Nd4 19. Bxd4 Qxd4+ 20. Qf2 g6 21. Qxd4 Rxd4 22. g3 Rgd8 23. Rfe1 Kc7 24. Re5 Kc6 25. Rae1 R4d5 26. Rxd5 Rxd5 27. Kg2 Rd8 28. Kf3 Rd5 29. Re4 a5 30. Re3 b4 31. Re4 Kb5 32. Re1 Kc6 33. Re4 Kb5 34. Re1 Rd8 35. Re5 Rd4 36. Re4 Rd5 37. Re1 1/2-1/2